| 000 | 01387nam a2200325 4500 | ||
|---|---|---|---|
| 003 | EG-GICUC | ||
| 005 | 20260121101217.0 | ||
| 008 | 251113r2012 ua ||||fr|||| 00| 0 ara d | ||
| 017 | _a200913733 | ||
| 020 | _a9773790954 | ||
| 040 |
_a EG-GICUC _bara _c EG-GICUC _d EG-GICUC _erda |
||
| 041 | 0 | _aara | |
| 082 | 0 | 4 |
_221 _a341.851 _bف ؤ . ت |
| 092 | 0 | 4 | _221 |
| 099 | _aLaw1 12 341.851 ف ؤ . ت 1 ed - 2010 | ||
| 100 | 0 |
_aفؤاد محمد محمد أبوطالب _eمؤلف. |
|
| 245 | 1 | 2 |
_aالتحكيم الدولى فى منازعات الإستثمار الأجنبية وفقاً لأحكام القانون الدولى العام : _bدراسة مقارنة / _cفؤاد محمد محمد أبوطالب. |
| 250 | _aالطبعة الاولى | ||
| 264 | 1 |
_aالإسكندرية : _bدار الفكر الجامعى، _c2010. |
|
| 300 |
_a493؛صفحة _c24 سم |
||
| 336 |
_2rda content _atext |
||
| 337 |
_2rda media _aComputer |
||
| 338 |
_2rda carrier _aOnline Resource |
||
| 504 | _aيحتوي على ارجاعات ببليوجرافية يحتوي على قائمة بالمراجع | ||
| 546 | _aالنص أغلبه باللغة العربية مع بعض النصوص الإنجليزية | ||
| 650 | 1 | _aالتحكيم - قانون دولي | |
| 856 | 4 | 0 | _uhttps://fll.law.cu.edu.eg/fulltext/bks/B12-01359.pdf |
| 905 | _a75 | ||
| 942 |
_2ddc _n0 _cBK _e21 |
||
| 999 |
_c43024 _d43024 |
||